000 01051nam a22003017a 4500
003 DO-SdBNP
005 20250828111438.0
008 161031b 2007 xxu a 00| 0 spa d
020 _a1412783836
020 _a9781412783835
040 _aBPMSU
_bspa
_cBPMSU
082 _axxxx
_bM659q
100 1 _aMilne, A. A.
_d1882-1956
_q(Alan Alexander Milne)
245 1 0 _a¿Qué puede hacer Winnie? /
_cA. A. Milne ; ilustración Dean Kleven ; adaptación al español Arlette de Álba
260 _aLincolnwood, Illinois, Estados Unidos :
_bPublications Internacional,
_c2007.
300 _a6 p. :
_bil. ;
_c23 cm.
490 1 _aPlay a song
500 _aLibro de paginas de cartón duro.
500 _aLibro con dispositivo de sonidos, que trabaja con baterías.
500 _aLibro con imagines tridimensionales.
521 _aA partir de 18 meses.
700 1 2 _aKleven, Dean
_eil.
700 1 2 _aÁlba, Arlette de
_etrad.
830 0 _aPlay a song
910 _a000144
942 _2ddc
_cBK
956 _2YLOCKWARD
_310
_8BPMSU
_aYngrid Lockward
999 _c12706
_d12706